Countries with the "Best" Food from TheTopTens - Statistics

General Stats
  • This quiz has been taken 71 times
  • The average score is 15 of 20
Answer Stats
Continent Answer % Correct
Europe Italy
100%
Asia Japan
98%
Europe France
96%
North America Mexico
96%
Asia China
95%
Europe Spain
95%
North America United States
93%
Europe Greece
89%
Asia India
87%
Asia Thailand
85%
Europe Germany
80%
Asia Turkey
80%
North America Canada
76%
Asia South Korea
69%
Asia Vietnam
65%
Africa Morocco
49%
Europe Switzerland
45%
Europe Belgium
36%
Asia Lebanon
31%
Europe England
13%
No matching quizzes found
Score Distribution
Percent of People with Each Score
Percentile by Number Answered
Your Score History
You have not taken this quiz